Naruto - Nature de chakra - Statistiques

Statistiques générales
  • Ce quiz a été pris 596 fois
  • Le résultat moyen est 7 sur 21
Statistiques - réponses
Nombre d’éléments Éléments Nature de chakra Caractéristiques % Correct
1 élément: Feu Katon Il est fort contre le vent et faible contre l’eau.
99%
1 élément: Vent Fûton Il est fort contre la foudre et faible contre le feu.
78%
1 élément: Foudre Raiton Il est fort contre la terre et faible contre le vent.
73%
1 élément: Terre Doton Il est fort contre l’eau et faible contre la foudre.
71%
1 élément: Eau Suiton Il est fort contre le feu et faible contre la terre.
70%
2 éléments: Eau+Terre Mokuton L’art de manipuler le bois.
65%
2 éléments: Feu+Terre Yôton L’art de manipuler la lave.
30%
3 éléments: Feu+Terre+Vent Jinton L’art de manier la poussière.
29%
2 éléments: Terre+Foudre Bakuton L’art de manipuler les explosions.
28%
2 éléments: Eau+Vent Hyôton L’art de manipuler la glace.
24%
1 élément: Feu Enton L’art de manipuler les brasiers.
21%
1 élément: Terre Shôton L’art de manipuler le cristal.
20%
2 éléments: Eau+Foudre Ranton L’art de manipuler l’orage.
16%
2 éléments: Feu+Eau Futton L’art de manipuler la vapeur.
14%
2 éléments: Vent+Terre Jiton L’art de manipuler le magnétisme.
12%
2 éléments: Feu+Vent Shakuton L’art de manipuler l’incandescence.
10%
2 éléments: Eau+Terre Deiton L’art de manipuler la boue.
6%
1 élément: Vent Taiton L’art de manipuler les typhons.
6%
Inconnu Inconnu Jinton L’art de manipuler la vitesse.
5%
Inconnu Inconnu Kôton L’art de manipuler l’acier.
4%
Inconnu Inconnu Meiton L’art de manipuler les ténèbres.
3%
Aucun quiz correspondant
Distribution des résultats
% des personnes avec chaque résultat
Percentile par nombre de réponses
Votre historique - résultats
Vous n’avez pas pris ce quiz